00923nam a22002057a 4500003000900000008004100009040007100050082002500121245004300146260003200189300005400221440004200275505025400317650001900571650002000590650002200610700002700632700003000659710002800689AR-CdUCM190429b ||||| |||| 00| 0 spa d aMUNICIPALIDAD PROVINCIAL DEL CUSCOcBIBLIOTECA MUNICIPAL DEL CUSCO aWillkanina/N°2/2015 aWillka Nina /cGobierno Regional Cusco aCusco.bWillka Nina,c2015. a59 páginas. :bilustraciones en color ;c28 cm. aWillka Nina.nN°02, mayo-julio 2015. aContenido: Huaro Pachacuti y juicio final. -- Psíquico Inka cuento. -- El aríbalo inkaiko la historia del Perú a través de una forma de alfarería. -- De Qoyllurit´i a Tayankani fotografía. -- Diversidad cultural e interculturalidad. ... aCultura andina aCerámica Inka aInterculturalidad aBravo Paredes, Abigail aPortilla Dueñas, Wilden aGobierno Regional Cusco